Metodología y técnicas de investigación en ciencias sociales./ (Registro nro. 9368)
[ vista simple ]
| 000 -LEADER | |
|---|---|
| fixed length control field | 01363nam a2200217Ia 4500 |
| 005 - FECHA Y HORA DE LA ÚLTIMA TRANSACCIÓN | |
| control field | 20250618110937.0 |
| 008 - FIXED-LENGTH DATA ELEMENTS--GENERAL INFORMATION | |
| fixed length control field | 230912s9999 xx 000 0 und d |
| 020 ## - INTERNATIONAL STANDARD BOOK NUMBER | |
| International Standard Book Number | 978-968-23-1577-8 |
| 040 ## - CATALOGING SOURCE | |
| Original cataloging agency | UPAN |
| Transcribing agency | Biblioteca San Vicente |
| Description conventions | RCAA2 |
| 041 ## - LANGUAGE CODE | |
| Language code of text/sound track or separate title | spa |
| 082 ## - DEWEY DECIMAL CLASSIFICATION NUMBER | |
| Classification number | 300.72 |
| Item number | P373m |
| año de publicación | 2008 |
| 100 ## - MAIN ENTRY--PERSONAL NAME | |
| Personal name | Pardinas, Felipe |
| Relator code | aut. |
| 245 #0 - TITLE STATEMENT | |
| Title | Metodología y técnicas de investigación en ciencias sociales./ |
| Statement of responsibility, etc | Felipe Pardinas |
| 250 ## - EDITION STATEMENT | |
| Edition statement | 39° ed. |
| 260 ## - PUBLICATION, DISTRIBUTION, ETC. (IMPRINT) | |
| Place of publication, distribution, etc | Mexico |
| Name of publisher, distributor, etc | Siglo XXI |
| Date of publication, distribution, etc | 2008 |
| 300 ## - PHYSICAL DESCRIPTION | |
| Extent | 241 p.; |
| Dimensions | 21 cm. |
| 505 ## - FORMATTED CONTENTS NOTE | |
| Formatted contents note | Capítulo 1: Metodología, personalidad y sociedad. <br/>Capítulo 2: Diferentes niveles de información para los tres objetivos del conocimiento humano. <br/>Capítulo 3: El problema objetivo de la investigación. <br/>Capítulo 4: El marco teórico de la investigación. <br/>Capítulo 5: Técnicas de observación de fenómenos o hechos. <br/>Capítulo 6: La hipótesis en el trabajo metodológico. <br/>Capítulo 7: Nociones de muestreo. <br/>Capítulo 8: Diseño de comprobación de una hipótesis; diseño de experimentos; diseño de programación para computadoras.<br/>Capítulo 9: Conclusiones y publicación de resultados. <br/>Capítulo 10: Aplicación de la metodología a algunos trabajos en ciencias sociales. |
| 650 ## - SUBJECT ADDED ENTRY--TOPICAL TERM | |
| Source of heading or term | LEMB |
| General subdivision | Metodología de la investigación |
| 9 (RLIN) | 2 |
| 650 ## - SUBJECT ADDED ENTRY--TOPICAL TERM | |
| Source of heading or term | LEMB |
| General subdivision | Ciencias sociales |
| 9 (RLIN) | 4 |
| 942 ## - ADDED ENTRY ELEMENTS (KOHA) | |
| Koha item type | Libros |
| Source of classification or shelving scheme | Dewey Decimal Classification |
| Withdrawn status | Lost status | Source of classification or shelving scheme | Damaged status | Not for loan | Collection code | Home library | Current library | Date acquired | Total Checkouts | Full call number | Barcode | Date last seen | Copy number | Price effective from | Koha item type |
|---|---|---|---|---|---|---|---|---|---|---|---|---|---|---|---|
| Dewey Decimal Classification | Colección General | Biblioteca UPAN San Vicente | Biblioteca UPAN San Vicente | 12/09/2023 | 300.72 P373m | 12002553 | 12/09/2023 | 01 | 12/09/2023 | Libros | |||||
| Dewey Decimal Classification | Colección General | Biblioteca UPAN San Vicente | Biblioteca UPAN San Vicente | 16/09/2023 | 300.72 P373m | 12002552 | 16/09/2023 | 02 | 16/09/2023 | Libros | |||||
| Dewey Decimal Classification | Colección General | Biblioteca UPAN San Vicente | Biblioteca UPAN San Vicente | 16/09/2023 | 300.72 P373m | 12002554 | 16/09/2023 | 03 | 16/09/2023 | Libros |